书目信息 |
| 题名: |
国际电工辞典
|
|
| 作者: | ;中央广播事业局中央控制室 , 中国唱片厂 译 | |
| 分册: | 第806章 | |
| 出版信息: | 北京 科学出版社 1982 |
|
| 页数: | 179页 | |
| 开本: | 19cm | |
| 丛书名: | ||
| 单 册: | ||
| 中图分类: | TN912.12 , TN646-61 | |
| 科图分类: | ||
| 主题词: | 电工--词典 , 电声技术--词典 , 电声器件 | |
| 电子资源: | ||
| ISBN: | ||
| 000 | 00921nam0 2200289 45 | |
| 001 | 0182006800 | |
| 005 | 20061123151810.42 | |
| 010 | @dCNY1.15 | |
| 091 | @aCN@b17031.154 | |
| 100 | @a19950929d1982 emky0chiy0121 ea | |
| 101 | 1 | @achi |
| 102 | @aCN@b110000 | |
| 105 | @ay e 000yy | |
| 200 | 10 | @a国际电工辞典@Aguo ji dian gong ci dian@h第806章@e录音和录象及其重放@f中央广播事业局中央控制室,中国唱片厂译 |
| 210 | @a北京@c科学出版社@d1982 | |
| 215 | @a179页@d19cm | |
| 517 | 1 | @a录音和录象及其重放@Alu yin he lu xiang ji qi chong fang |
| 606 | @a电工@x词典 | |
| 606 | @a电声技术@x词典 | |
| 606 | 0 | @a电声器件 |
| 690 | @aTN912.12@v3 | |
| 690 | @aTN646-61@v3 | |
| 711 | 02 | @a中央广播事业局中央控制室@Azhong yang guang bo shi ye ju zhong yang kong zhi shi@4译 |
| 711 | 02 | @a中国唱片厂@Azhong guo chang pian chang@4译 |
| 801 | 2 | @aCN@bNLC@c20061123 |
| 801 | 0 | @aCN@bTSSF |
| 905 | @a10447@dTN646-61@e17 | |
| 国际电工辞典.第806章:录音和录象及其重放/中央广播事业局中央控制室,中国唱片厂译.-北京:科学出版社,1982 |
| 179页;19cm |
| ISBN :CNY1.15 |
| ● |
| 相关链接 |
|
|
|
|
正题名:国际电工辞典
索取号:TN646-61/17
 
预约/预借
| 序号 | 登录号 | 条形码 | 馆藏地/架位号 | 状态 | 备注 |
| 1 | 0083481 | 001354108 | 第二样本阅览室/ [索取号:TN646-61/17] | 在馆 |